Operations Research <The> Journal of the Operations Research Society of America

Uložené v:
Podrobná bibliografia
Médium: Seriál
Jazyk:English
Vydavateľské údaje: Baltimore Operations Research Society of America 1956
Predmet:
Tagy: Pridať tag
Žiadne tagy, Buďte prvý, kto otaguje tento záznam!

MARC

LEADER 00000nas2a2200000 4500
001 s006591
005 20240109075931.3
022 |a 0030-364X 
041 0 |a eng 
044 |a US 
245 1 0 |a Operations Research  |b <The> Journal of the Operations Research Society of America 
264 1 |a Baltimore  |b Operations Research Society of America  |c 1956 
773 0 |w eu_un_cat*s120205 
610 2 0 |a výskum operačný